| 000 | 02028nam0a2200433 4500 | ||
|---|---|---|---|
| 001 | RU\NLR\BIBL_A\012485984 | ||
| 005 | 20250128194045.0 | ||
| 010 |
_a978-5-00128-505-2 _9200 |
||
| 021 |
_aRU _bКН-П-20-075731 _9КН-П-20-5710 |
||
| 035 | _a(NLR Aleph) 012485984 | ||
| 035 | _a(RuMoRGB)010498241 | ||
| 090 |
_a13303425 _c13303425 |
||
| 100 | _a20210326d2020 u y0rusy50 ca | ||
| 101 | 0 |
_arus _a9al |
|
| 102 | _aRU | ||
| 105 | _a |||z|||000 y | ||
| 181 | 0 |
_ai3 _baxxe |
|
| 182 | 0 | _an | |
| 200 | 1 |
_aАгульские сказки _dАгъуларин хIикатар _fС.Н. Гасанова, Г.А. Алхасов, Л.М. Бицимазаева _gответственный редактор: М.А. Гасанова _gМинистерство по национальной политике и делам религий РД, Дагестанский государственный университет, Центр изучения родных языков _z9al |
|
| 203 |
_aТекст _bвизуальный _cнепосредственный |
||
| 210 |
_aМахачкала _cАЛЕФ _d2020 |
||
| 215 |
_a83, [1] с. _cил., цв. ил. _d29 |
||
| 300 | _aТекст парал. агул., рус. | ||
| 510 | 1 |
_6z92790 _aАгъуларин хIикатар _z9al |
|
| 606 | 1 |
_aСказки агульские _92474889 _3RU\NLR\AUTH\6601686462 |
|
| 686 | 1 | _aШ3(241Д=Лез)-615.10 | |
| 700 | 1 |
_aГасанова _bС. Н. _gСалминат Нурадиновна |
|
| 701 | 1 |
_aАлхасов _bГ. А. _gГаджи Алхасович |
|
| 701 | 1 |
_aБицимазаева _bЛ. М. _gЛуиза Магомедовна |
|
| 790 | 1 |
_6z92510 _aГасанова _bС. Н. _gСалминат Нурадиновна |
|
| 852 |
_aNLR _bОНЛ _jАгул./5-1 |
||
| 942 | _cBOOK | ||
| 980 | _aNBR | ||
| 980 | _aNB | ||